The mathematical education of teachers /
Guardado en:
| Autor Corporativo: | |
|---|---|
| Formato: | Libro |
| Idioma: | English |
| Publicado: |
Providence, R.I. :
American Mathematical Society,
c2001.
|
| Series: | Issues in mathematics education,
v. 11 |
| Etiquetas: |
Agregar Etiqueta
Sin Etiquetas, Sea el primero en etiquetar este registro!
|
| LEADER | 00716cam a22001935a 4500 | ||
|---|---|---|---|
| 001 | MAT.inmabb002496 | ||
| 008 | 010621s2001####riua#####b####000#0#eng## | ||
| 005 | 20160506180313.0 | ||
| 245 | 0 | 4 | |a The mathematical education of teachers / |c Conference Board of the Mathematical Sciences. |
| 260 | |a Providence, R.I. : |b American Mathematical Society, |c c2001. | ||
| 300 | |a xiii, 145 p. : |b il. ; |c 26 cm. | ||
| 440 | 0 | |a Issues in mathematics education, |x 1047-398X ; |v v. 11 | |
| 504 | |a Incluye referencias bibliográficas. | ||
| 020 | |a 0821828991 | ||
| 710 | 2 | |a Conference Board of the Mathematical Sciences. | |
| 084 | |a 97B50 |2 msc2000 | ||
| 010 | |a 2001045098 | ||
| 040 | |a DLC |c DLC |d DLC | ||
| 859 | |h 97 |i M4265 |p A-8154 |b BIB. MATEMATICA | ||
